Statistics for Second Biggest World Cities A-Z

Click here to take the quiz!

General Stats

  • This quiz has been taken 1,064 times
  • The average score is 17 of 26

Answer Stats

PopulationCountryCity% Correct
B16,900,000ThailandBangkok
91%
S24,400,000South KoreaSeoul
88%
V2,150,000AustriaVienna
88%
M23,200,000IndiaMumbai
86%
J13,400,000South AfricaJohannesburg
84%
T13,700,000IranTehran
84%
L17,100,000NigeriaLagos
82%
Q2,500,000EcuadorQuito
79%
U1,300,000MongoliaUlan Bator
79%
D17,600,000BangladeshDhaka
78%
R6,700,000Saudi ArabiaRiyadh
78%
W8,000,000ChinaWuhan
77%
K16,000,000IndiaKolkata
73%
P7,300,000United StatesPhiladelphia
73%
A5,500,000United StatesAtlanta
72%
G4,975,000MexicoGuadalajara
69%
X6,650,000ChinaXi'an
65%
C10,000,000IndiaChennai
63%
O3,075,000Unied StatesOrlando
63%
Y2,725,000CameroonYaoundé
59%
H9,000,000IndiaHyderabad
56%
N10,400,000JapanNagoya
55%
I3,150,000NigeriaIbadan
33%
F3,925,000ChinaFuzhou
32%
E1,160,000IraqErbil
30%
Z3,325,000ChinaZibo
12%

Score Distribution

Percentile by Number Answered

Percent of People with Each Score

Your Score History

You have not taken this quiz